000
00312nam a22001337a 4500
008
171005b xxu||||| |||| 00| 0 eng d
020
_a
9781593852788
041
_a
eng
080
_2
3RD
_a
159.9
100
_a
49
101
_a
PSI
245
_a
INTRODUCTION TO ADDICTIVE BEHAVIORS
_c
THOMBS,D.L
942
_2
udc
_c
BK
999
_c
32085
_d
32085